[Event "TUR-chT Superleague 2018"]
[Site "Ankara"]
[Date "2018.07.26"]
[Round "2"]
[White "Yurtseven, Melih"]
[Black "Korkmaz, Necmettin"]
[Result "0-1"]
[WhiteElo "2404"]
[BlackElo "2056"]
[Annotator "NA"]
[PlyCount "136"]
[EventDate "2018.07.25"]
[EventType "team-tourn"]
[EventCountry "TUR"]
[SourceTitle "playchess.com"]
[Source "ChessBase"]
[SourceQuality "1"]
[TimeControl "40/5400+30:1800+30"]

1. Nf3 d5 2. d4 Nf6 3. g3 Bf5 4. Bg2 e6 5. O-O Be7 6. c4 c6 7. Nc3 Ne4 8. Re1 Nxc3 9. bxc3 Be4 10. Qb3 Qb6 11. c5 Qxb3 12. axb3 Nd7 13. Ra2 O-O 14. Bf4 Rfe8 15. Rea1 a6 16. g4 h6 17. Bg3 Bf6 18. Nd2 Bxg2 19. Kxg2 e5 20. e3 exd4 21. cxd4 Nf8 22. b4 Rac8 23. Nb3 Bd8 24. Na5 Re7 25. Bd6 Rd7 26. Bxf8 Kxf8 27. Rh1 Bxa5 28. bxa5 Re8 29. Rb2 Ree7 30. Rb3 Ke8 31. Kf3 Kf8 32. Rg1 g5 33. Rgb1 Kg7 34. Ke2 Kg6 35. h3 f5 36. f3 h5 37. Rg1 fxg4 38. hxg4 h4 39. Kf2 Rf7 40. Rgb1 Rde7 41. R1b2 Rh7 42. Kg2 Ref7 43. Rf2 Rf6 44. f4 Re7 45. Rf3 {[%emt 2:12:52]} Rff7 {[%emt 2:11:45]} 46. Rb2 {[%emt 0:04:26]} Re4 {[%emt 0:02:38]} 47. Rbf2 {[%emt 0:00:56]} Rfe7 {[%emt 0:00:35]} 48. Rb2 {[%emt 0:03:04]} Rxe3 {[%emt 0:02:20]} 49. Rxe3 {[%emt 0:02:37]} Rxe3 {[%emt 0:00:30]} 50. f5+ {[%emt 0:00:30]} Kf6 {[%emt 0:00:30]} 51. Kh2 {[%emt 0:00:34]} Re4 {[%emt 0:00:42]} 52. Rxb7 {[%emt 0:00:52]} Rxg4 {[%emt 0:00:30]} 53. Rb6 {[%emt 0:00:00]} Rxd4 {[%emt 0:00:00]} 54. Rxa6 {[%emt 0:00:16]} g4 {[%emt 0:00:15]} 55. Rxc6+ {[%emt 0:00:30]} Kxf5 {[%emt 0:00:00]} 56. a6 {[%emt 0:00:47]} Rd2+ {[%emt 0:00:51]} 57. Kg1 {[%emt 0:00:12]} g3 {[%emt 0:01:50]} 58. Rh6 {[%emt 0:00:51]} Kg4 {[%emt 0:00:23]} 59. a7 {[%emt 0:00:26]} Ra2 {[%emt 0:00:35]} 60. Rh7 {[%emt 0:00:17]} h3 {[%emt 0:00:14]} 61. Rg7+ {[%emt 0:00:04]} Kf4 {[%emt 0:00:28]} 62. Rf7+ {[%emt 0:00:08]} Ke5 {[%emt 0:00:11]} 63. Re7+ {[%emt 0:00:47]} Kf6 {[%emt 0:00:59]} 64. Re1 {[%emt 0:00:08]} Rxa7 {[%emt 0:00:53]} 65. c6 {[%emt 0:00:01]} d4 {[%emt 0:00:04]} 66. Kh1 {[%emt 0:00:43]} d3 {[%emt 0:00:31]} 67. Rg1 {[%emt 0:00:44]} d2 {[%emt 0:00:11]} 68. Rd1 {[%emt 0:00:34]} Ra6 {[%emt 0:00:26]} 0-1

[Event "TUR-chT Superleague 2018"]
[Site "Ankara"]
[Date "2018.07.26"]
[Round "2"]
[White "Can, Isik"]
[Black "Tarlabasi, Emirhan"]
[Result "1/2-1/2"]
[WhiteElo "2385"]
[BlackElo "2117"]
[Annotator "NA"]
[PlyCount "122"]
[EventDate "2018.07.25"]
[EventType "team-tourn"]
[EventCountry "TUR"]
[SourceTitle "playchess.com"]
[Source "ChessBase"]
[SourceQuality "1"]
[TimeControl "40/5400+30:1800+30"]

1. e4 e6 2. d4 d5 3. Nc3 Bb4 4. e5 c5 5. a3 Bxc3+ 6. bxc3 Nc6 7. Qg4 g6 8. Nf3 Qa5 9. Bd2 Qa4 10. Be2 Bd7 11. O-O c4 12. Ra2 O-O-O 13. Bg5 Rf8 14. Qh4 h6 15. Rb1 Rh7 16. h3 Rg7 17. Bxh6 Rh7 18. Bxf8 Rxh4 19. Nxh4 Nce7 20. Nf3 Qa5 21. a4 Qd8 22. Bxe7 Qxe7 23. a5 a6 24. g4 Kc7 25. Kg2 Be8 26. Raa1 f5 27. Rh1 g5 28. gxf5 exf5 29. Rag1 Nh6 30. Kf1 Nf7 31. Ke1 Bd7 32. Kd2 g4 33. hxg4 fxg4 34. Ne1 Ng5 35. Bxg4 Ne4+ 36. Ke3 Qa3 37. Bxd7 Qxc3+ 38. Kf4 Qd2+ 39. Kf5 Kxd7 40. f4 Qf2 41. Rg2 Qe3 42. Rh7+ Kc6 43. Rg6+ Kb5 44. Ng2 Qxd4 45. Rxb7+ Kxa5 46. Re7 {[%emt 2:19:34]} Qf2 {[%emt 2:05:43]} 47. Ke6 {[%emt 0:00:58]} d4 {[%emt 0:05:08]} 48. Kf7 {[%emt 0:02:29]} Ng3 {[%emt 0:06:59]} 49. Ra7 {[%emt 0:00:56]} Qxg2 {[%emt 0:01:16]} 50. e6 {[%emt 0:00:08]} d3 {[%emt 0:04:30]} 51. Rg5+ {[%emt 0:00:51]} Kb6 {[%emt 0:01:21]} 52. e7 {[%emt 0:00:10]} Qe4 {[%emt 0:01:00]} 53. e8=Q {[%emt 0:00:50]} Qxe8+ {[%emt 0:00:41]} 54. Kxe8 {[%emt 0:00:02]} dxc2 {[%emt 0:00:05]} 55. Re7 {[%emt 0:01:00]} c1=Q {[%emt 0:00:39]} 56. Re6+ {[%emt 0:00:22]} Kc7 {[%emt 0:00:35]} 57. Rg7+ {[%emt 0:00:29]} Kb8 {[%emt 0:00:31]} 58. Rb6+ {[%emt 0:00:57]} Kc8 {[%emt 0:00:18]} 59. Rc6+ {[%emt 0:00:13]} Kb8 {[%emt 0:00:02]} 60. Rb6+ {[%emt 0:00:26]} Kc8 {[%emt 0:00:02]} 61. Rc6+ {[%emt 0:00:32]} Kb8 {[%emt 0:00:02]} 1/2-1/2

[Event "TUR-chT Superleague 2018"]
[Site "Ankara"]
[Date "2018.07.26"]
[Round "2"]
[White "Koksal, Ege"]
[Black "Tukhaev, Adam"]
[Result "0-1"]
[WhiteElo "2378"]
[BlackElo "2542"]
[Annotator "ChessBase"]
[PlyCount "128"]
[EventDate "2018.07.25"]
[EventType "team-tourn"]
[EventCountry "TUR"]
[SourceTitle "playchess.com"]
[Source "ChessBase"]
[SourceQuality "1"]
[TimeControl "40/5400+30:1800+30"]

1. d4 Nf6 2. Nf3 g6 3. g3 Bg7 4. Bg2 c5 5. c3 Qa5 6. O-O O-O 7. Be3 Ng4 8. Bg5 Re8 9. h3 h6 10. Bf4 Nf6 11. Nbd2 d6 12. Nb3 Qb6 13. dxc5 dxc5 14. Qc1 Kh7 15. Be3 Na6 16. Ne5 Qc7 17. Nc4 Be6 18. Ncd2 Nd5 19. Nf3 Nxe3 20. Qxe3 Rad8 21. Rfd1 b6 22. Rd3 Bf5 23. Rd2 Rxd2 24. Nbxd2 e5 25. Nf1 Be6 26. Qd3 c4 27. Qc2 Nc5 28. Rd1 f5 29. Ne1 e4 30. Qd2 Re7 31. Nc2 Rd7 32. Qc1 Qd8 33. Rxd7 Qxd7 34. Nfe3 Na4 35. Na3 b5 36. Nac2 a5 37. a3 Be5 38. Nd1 Nc5 39. Nde3 Na4 40. Nd1 Nc5 41. Nde3 g5 42. Nf1 f4 43. h4 Bf5 44. hxg5 hxg5 45. Qe1 {[%emt 2:07:06]} Nb3 {[%emt 2:17:43]} 46. Na1 {[%emt 0:00:30]} Nc5 {[%emt 0:00:30]} 47. Nc2 {[%emt 0:00:30]} Ne6 {[%emt 0:00:51]} 48. a4 {[%emt 0:01:32]} b4 {[%emt 0:02:32]} 49. cxb4 {[%emt 0:00:30]} Qxa4 {[%emt 0:00:30]} 50. Na3 {[%emt 0:00:00]} c3 {[%emt 0:00:00]} 51. bxc3 {[%emt 0:09:02]} axb4 {[%emt 0:00:00]} 52. cxb4 {[%emt 0:01:32]} Qxa3 {[%emt 0:00:24]} 53. Qb1 {[%emt 0:00:01]} Qb2 {[%emt 0:01:33]} 54. Qxb2 {[%emt 0:00:30]} Bxb2 {[%emt 0:00:30]} 55. gxf4 {[%emt 0:00:00]} gxf4 {[%emt 0:00:00]} 56. Nd2 {[%emt 0:00:00]} Ng5 {[%emt 0:01:42]} 57. b5 {[%emt 0:00:00]} Bd4 {[%emt 0:00:28]} 58. Nc4 {[%emt 0:00:07]} f3 {[%emt 0:00:00]} 59. exf3 {[%emt 0:00:14]} exf3 {[%emt 0:00:00]} 60. Bh1 {[%emt 0:00:00]} Bd3 {[%emt 0:00:30]} 61. Nd2 {[%emt 0:01:22]} Be2 {[%emt 0:00:15]} 62. Nf1 {[%emt 0:00:27]} Be5 {[%emt 0:00:46]} 63. Ng3 {[%emt 0:00:13]} Nh3+ {[%emt 0:00:54]} 64. Kh2 {[%emt 0:00:30]} Nxf2 {[%emt 0:00:00]} 0-1

[Event "TUR-chT Superleague 2018"]
[Site "Ankara"]
[Date "2018.07.26"]
[Round "2"]
[White "Apaydin, Fethi"]
[Black "Kitir, Ahmet"]
[Result "1-0"]
[WhiteElo "2353"]
[BlackElo "2020"]
[Annotator "NA"]
[PlyCount "64"]
[EventDate "2018.07.25"]
[EventType "team-tourn"]
[EventCountry "TUR"]
[SourceTitle "playchess.com"]
[Source "ChessBase"]
[SourceQuality "1"]
[TimeControl "40/5400+30:1800+30"]

1. e4 {[%emt 0:00:30]} c5 {[%emt 0:01:00]} 2. Nc3 {[%emt 0:00:30]} e6 {[%emt 0:00:30]} 3. Nge2 {[%emt 0:00:00]} d5 {[%emt 0:00:30]} 4. exd5 {[%emt 0:00:00]} exd5 {[%emt 0:01:30]} 5. d4 {[%emt 0:00:00]} Nc6 {[%emt 0:07:30]} 6. Be3 {[%emt 0:02:00]} c4 {[%emt 0:02:30]} 7. g3 {[%emt 0:00:30]} Nf6 {[%emt 0:12:30]} 8. Bg2 {[%emt 0:03:30]} Be6 {[%emt 0:06:30]} 9. Nf4 {[%emt 0:03:30]} Bg4 {[%emt 0:14:30]} 10. f3 {[%emt 0:20:30]} Bc8 {[%emt 0:17:30]} 11. Qe2 {[%emt 0:12:30]} Bb4 {[%emt 0:10:30]} 12. Bd2+ {[%emt 0:06:30]} Ne7 {[%emt 0:07:42]} 13. g4 {[%emt 0:05:30]} O-O {[%emt 0:00:07]} 14. O-O {[%emt 0:03:30]} Re8 {[%emt 0:01:24]} 15. Qf2 {[%emt 0:03:30]} Ng6 {[%emt 0:00:43]} 16. Nfe2 {[%emt 0:14:30]} h6 {[%emt 0:03:53]} 17. h3 {[%emt 0:05:23]} Bd7 {[%emt 0:05:52]} 18. f4 {[%emt 0:01:21]} Bc6 {[%emt 0:01:12]} 19. g5 {[%emt 0:03:32]} Bxc3 {[%emt 0:00:57]} 20. Nxc3 {[%emt 0:00:11]} Ne4 {[%emt 0:00:35]} 21. Nxe4 {[%emt 0:01:53]} dxe4 {[%emt 0:00:02]} 22. f5 {[%emt 0:02:14]} Nh4 {[%emt 0:00:43]} 23. Qxh4 {[%emt 0:02:30]} Qxd4+ {[%emt 0:00:30]} 24. Rf2 {[%emt 0:00:05]} Qxb2 {[%emt 0:01:02]} 25. Re1 {[%emt 0:00:52]} e3 {[%emt 0:00:08]} 26. Rxe3 {[%emt 0:01:25]} c3 {[%emt 0:01:13]} 27. Rxc3 {[%emt 0:04:35]} Rad8 {[%emt 0:01:20]} 28. gxh6 {[%emt 0:01:58]} Rxd2 {[%emt 0:00:30]} 29. Qg3 {[%emt 0:00:00]} Rd1+ {[%emt 0:01:40]} 30. Kh2 {[%emt 0:00:00]} g6 {[%emt 0:00:42]} 31. fxg6 {[%emt 0:00:00]} f6 {[%emt 0:00:14]} 32. g7 {[%emt 0:01:40]} Qc1 {[%emt 0:01:01]} 1-0

[Event "TUR-chT Superleague 2018"]
[Site "Ankara"]
[Date "2018.07.26"]
[Round "2"]
[White "Savina, Anastasia"]
[Black "Atalik, Ekaterina"]
[Result "0-1"]
[WhiteElo "2342"]
[BlackElo "2461"]
[Annotator "ChessBase"]
[PlyCount "48"]
[EventDate "2018.07.25"]
[EventType "team-tourn"]
[EventCountry "TUR"]
[SourceTitle "playchess.com"]
[Source "ChessBase"]
[SourceQuality "1"]
[TimeControl "40/5400+30:1800+30"]

1. d4 {[%emt 0:00:30]} Nf6 {[%emt 0:01:00]} 2. c4 {[%emt 0:00:30]} g6 {[%emt 0:00:30]} 3. Nc3 {[%emt 0:00:00]} d5 {[%emt 0:00:00]} 4. cxd5 {[%emt 0:00:00]} Nxd5 {[%emt 0:00:00]} 5. e4 {[%emt 0:00:30]} Nxc3 {[%emt 0:00:30]} 6. bxc3 {[%emt 0:00:30]} Bg7 {[%emt 0:00:30]} 7. Nf3 {[%emt 0:00:00]} c5 {[%emt 0:00:30]} 8. h3 {[%emt 0:00:00]} O-O {[%emt 0:01:30]} 9. Be3 {[%emt 0:01:30]} Qa5 {[%emt 0:01:30]} 10. Bd2 {[%emt 0:00:30]} Nd7 {[%emt 0:02:30]} 11. Be2 {[%emt 0:18:30]} Qc7 {[%emt 0:04:30]} 12. O-O {[%emt 0:04:30]} b6 {[%emt 0:02:30]} 13. e5 {[%emt 0:10:30]} Bb7 {[%emt 0:03:30]} 14. Re1 {[%emt 0:03:30]} e6 {[%emt 0:02:30]} 15. Nh2 {[%emt 0:03:30]} f6 {[%emt 0:06:30]} 16. Bc4 {[%emt 0:14:30]} Rae8 {[%emt 0:08:30]} 17. exf6 {[%emt 0:04:30]} Nxf6 {[%emt 0:00:30]} 18. Bxe6+ {[%emt 0:15:33]} Kh8 {[%emt 0:03:30]} 19. c4 {[%emt 0:12:17]} Ne4 {[%emt 0:06:30]} 20. d5 {[%emt 0:01:37]} Rxe6 {[%emt 0:12:30]} 21. dxe6 {[%emt 0:00:23]} Rxf2 {[%emt 0:02:30]} 22. Nf1 {[%emt 0:07:06]} Rxg2+ {[%emt 0:04:30]} 23. Kxg2 {[%emt 0:00:31]} Nxd2+ {[%emt 0:00:00]} 24. Kg1 {[%emt 0:00:32]} Bd4+ {[%emt 0:00:00]} 0-1

[Event "TUR-chT Superleague 2018"]
[Site "Ankara"]
[Date "2018.07.26"]
[Round "2"]
[White "Soylu, Suat"]
[Black "Benidze, Davit"]
[Result "0-1"]
[WhiteElo "2339"]
[BlackElo "2487"]
[Annotator "ChessBase"]
[PlyCount "126"]
[EventDate "2018.07.25"]
[EventType "team-tourn"]
[EventCountry "TUR"]
[SourceTitle "playchess.com"]
[Source "ChessBase"]
[SourceQuality "1"]
[TimeControl "40/5400+30:1800+30"]

1. e4 c6 2. d4 g6 3. Nc3 Bg7 4. Nf3 d5 5. h3 Nh6 6. Bd3 f6 7. O-O Nf7 8. Ne2 O-O 9. c4 dxe4 10. Bxe4 Na6 11. Bc2 Nc7 12. b3 b5 13. Bd3 Nd6 14. Bf4 Be6 15. Rc1 Bf7 16. Qd2 Re8 17. Rfd1 bxc4 18. bxc4 Qc8 19. Ng3 Rd8 20. Qa5 Ne6 21. Be3 Qc7 22. Qa4 Nf8 23. Nd2 Nc8 24. Nb3 Nb6 25. Qa5 Rac8 26. Ne4 Nfd7 27. Be2 Qb8 28. Nec5 Nxc5 29. Nxc5 f5 30. Na6 Qa8 31. g3 Bf6 32. Bf1 h5 33. f4 Rd7 34. Nc5 Rd6 35. Bf2 Rcd8 36. Nb3 R6d7 37. Qc5 h4 38. g4 Qb8 39. g5 Bg7 40. Be3 e5 41. fxe5 Bxe5 42. Qxc6 Bh2+ 43. Kh1 Nd5 44. Bf2 Bf4 45. Nc5 Rc7 46. Qa4 Bxc1 47. Rxc1 Nf4 48. Qb3 Qc8 {[%emt 2:01:30]} 49. Rd1 {[%emt 2:22:10]} Re7 {[%emt 0:00:30]} 50. Qf3 {[%emt 0:00:30]} Nd5 {[%emt 0:00:30]} 51. Kg1 {[%emt 0:00:30]} Nb6 {[%emt 0:00:30]} 52. d5 {[%emt 0:00:25]} Qc7 {[%emt 0:01:30]} 53. Na6 {[%emt 0:00:42]} Qd7 {[%emt 0:01:30]} 54. Nc5 {[%emt 0:00:55]} Qd6 {[%emt 0:00:30]} 55. Nb3 {[%emt 0:00:12]} Qc7 {[%emt 0:02:08]} 56. d6 {[%emt 0:00:30]} Rxd6 {[%emt 0:00:30]} 57. Rxd6 {[%emt 0:00:00]} Qxd6 {[%emt 0:00:00]} 58. c5 {[%emt 0:00:15]} Qd5 {[%emt 0:00:00]} 59. Qc3 {[%emt 0:01:01]} Nc4 {[%emt 0:00:52]} 60. Bd4 {[%emt 0:01:43]} f4 {[%emt 0:00:30]} 61. Bf6 {[%emt 0:00:20]} Re3 {[%emt 0:01:31]} 62. Qd4 {[%emt 0:00:24]} Rg3+ {[%emt 0:00:44]} 63. Kh2 {[%emt 0:00:30]} Ne3 {[%emt 0:00:00]} 0-1

[Event "TUR-chT Superleague 2018"]
[Site "Ankara"]
[Date "2018.07.26"]
[Round "2"]
[White "Buksa, Nataliya"]
[Black "Ozturk, Kubra"]
[Result "1-0"]
[WhiteElo "2337"]
[BlackElo "2330"]
[Annotator "NA"]
[PlyCount "129"]
[EventDate "2018.07.25"]
[EventType "team-tourn"]
[EventCountry "TUR"]
[SourceTitle "playchess.com"]
[Source "ChessBase"]
[SourceQuality "1"]
[TimeControl "40/5400+30:1800+30"]

1. e4 e5 2. Nf3 Nc6 3. Bb5 a6 4. Ba4 d6 5. c3 Bd7 6. d4 g6 7. Bg5 f6 8. Be3 Bg7 9. d5 Nce7 10. Bxd7+ Qxd7 11. O-O Nh6 12. c4 O-O 13. Nc3 Nf7 14. Nd2 f5 15. f3 f4 16. Bf2 g5 17. b4 h5 18. c5 g4 19. Na4 g3 20. hxg3 fxg3 21. Bxg3 Ng6 22. cxd6 cxd6 23. Nb6 Qe7 24. Nxa8 Rxa8 25. Nc4 Qg5 26. Qe1 Bh6 27. Kh1 Kh7 28. Bf2 Nf4 29. g3 Rg8 30. Rg1 Nh3 31. Rg2 b5 32. Be3 Qf6 33. Nd2 h4 34. Bxh6 Qxh6 35. gxh4 Rxg2 36. Kxg2 Nf4+ 37. Kf1 Nd3 38. Qe2 Qxh4 39. Qxd3 Qh1+ 40. Ke2 Qxa1 41. Qc2 Qg1 42. Qc8 Qa7 43. Nb3 Kg7 44. Qc1 Kf6 45. Na5 Qd7 46. Qh1 Kg7 47. Qh4 {[%emt 2:08:27]} Qa7 {[%emt 2:14:51]} 48. Nc6 {[%emt 0:00:30]} Qb6 {[%emt 0:00:30]} 49. Qg4+ {[%emt 0:00:30]} Kf8 {[%emt 0:00:30]} 50. Qc8+ {[%emt 0:00:30]} Kg7 {[%emt 0:00:30]} 51. Qd7 {[%emt 0:00:29]} Kf6 {[%emt 0:03:51]} 52. Qe7+ {[%emt 0:01:37]} Kg7 {[%emt 0:00:45]} 53. Qa7 {[%emt 0:03:51]} Qxa7 {[%emt 0:00:30]} 54. Nxa7 {[%emt 0:00:00]} Kf8 {[%emt 0:00:00]} 55. Nc6 {[%emt 0:00:50]} Ke8 {[%emt 0:00:12]} 56. Ke3 {[%emt 0:00:00]} Ng5 {[%emt 0:00:43]} 57. f4 {[%emt 0:00:50]} exf4+ {[%emt 0:00:05]} 58. Kxf4 {[%emt 0:00:30]} Nh3+ {[%emt 0:00:20]} 59. Kf5 {[%emt 0:00:48]} Nf2 {[%emt 0:00:38]} 60. Nb8 {[%emt 0:01:57]} Kd8 {[%emt 0:00:26]} 61. Nxa6 {[%emt 0:00:57]} Kc8 {[%emt 0:02:18]} 62. e5 {[%emt 0:00:36]} dxe5 {[%emt 0:00:12]} 63. Nc5 {[%emt 0:00:15]} Nd1 {[%emt 0:02:07]} 64. Ke6 {[%emt 0:02:36]} Nc3 {[%emt 0:00:23]} 65. d6 {[%emt 0:00:00]} 1-0

[Event "TUR-chT Superleague 2018"]
[Site "Ankara"]
[Date "2018.07.26"]
[Round "2"]
[White "Balajayeva, Khanim"]
[Black "Ozbek, Busra"]
[Result "1-0"]
[WhiteElo "2332"]
[BlackElo "1848"]
[Annotator "NA"]
[PlyCount "104"]
[EventDate "2018.07.25"]
[EventType "team-tourn"]
[EventCountry "TUR"]
[SourceTitle "playchess.com"]
[Source "ChessBase"]
[SourceQuality "1"]
[TimeControl "40/5400+30:1800+30"]

1. e4 d5 2. exd5 Qxd5 3. Nc3 Qd8 4. d4 Nf6 5. Nf3 Bg4 6. h3 Bxf3 7. Qxf3 c6 8. Be3 e6 9. Bd3 Nbd7 10. O-O Bd6 11. Rfe1 O-O 12. Rad1 Qc7 13. Ne4 Nxe4 14. Qxe4 g6 15. Qf3 a5 16. h4 b5 17. h5 Rfe8 18. Bg5 Nb6 19. Re4 Be7 20. Bxe7 Rxe7 21. Rde1 Rae8 22. hxg6 hxg6 23. Rh4 f5 24. Rh6 Rg7 25. Bxf5 Qf7 26. Qxc6 gxf5 27. Qxb6 Rxg2+ 28. Kxg2 Qg7+ 29. Kf1 Qxh6 30. Qc6 Kf7 31. Qf3 Qh4 32. c3 Re7 33. Ke2 Qg5 34. Qe3 Qg2 35. Qf3 Qg5 36. Rh1 Kf6 37. Qe3 f4 38. Qe5+ Kg6 39. Qxg5+ Kxg5 40. Kf3 e5 41. Re1 Kf6 42. Rxe5 Rxe5 43. dxe5+ Kxe5 44. Ke2 Kd6 45. Kd3 Ke5 46. f3 Kd5 47. b3 b4 48. Kc2 Ke5 49. Kb2 bxc3+ 50. Kxc3 Kd5 51. a3 Ke5 52. Kc4 Ke6 1-0

[Event "TUR-chT Superleague 2018"]
[Site "Ankara"]
[Date "2018.07.26"]
[Round "2"]
[White "Sari, Yasin"]
[Black "Erdogan, Anil Berk"]
[Result "0-1"]
[WhiteElo "2330"]
[BlackElo "2110"]
[Annotator "NA"]
[PlyCount "116"]
[EventDate "2018.07.25"]
[EventType "team-tourn"]
[EventCountry "TUR"]
[SourceTitle "playchess.com"]
[Source "ChessBase"]
[SourceQuality "1"]
[TimeControl "40/5400+30:1800+30"]

1. d4 Nf6 2. c4 c5 3. d5 e6 4. Nc3 exd5 5. cxd5 d6 6. e4 g6 7. Nge2 Bg7 8. Ng3 h5 9. Be2 h4 10. Nf1 h3 11. g3 O-O 12. Bf4 b5 13. Nd2 a6 14. O-O Re8 15. Bf3 Qc7 16. Rc1 Nbd7 17. b4 c4 18. Be3 Ne5 19. Be2 Nfg4 20. Bd4 f5 21. Nf3 Nxf3+ 22. Bxf3 Bxd4 23. Qxd4 Ne5 24. Be2 Qa7 25. Rfd1 Qxd4 26. Rxd4 Re7 27. f4 Nd7 28. exf5 gxf5 29. Bf1 Nf6 30. Bxh3 Bd7 31. Rd2 a5 32. a3 axb4 33. axb4 Ra3 34. Bg2 Re3 35. Rdc2 Rb3 36. Na2 Red3 37. Rc3 Nxd5 38. Rxd3 Rxd3 39. Bxd5+ Rxd5 40. Rc2 Rd3 41. Nc1 Rd1+ 42. Kf2 Be8 43. g4 fxg4 44. f5 Bd7 45. Ne2 Bxf5 46. Ra2 Rd3 {[%emt 2:12:12]} 47. Ra5 {[%emt 2:12:08]} c3 {[%emt 0:03:40]} 48. Rxb5 {[%emt 0:01:48]} c2 {[%emt 0:00:22]} 49. Rb8+ {[%emt 0:02:19]} Kf7 {[%emt 0:00:30]} 50. Rb7+ {[%emt 0:00:30]} Kf6 {[%emt 0:00:00]} 51. Rc7 {[%emt 0:00:00]} Rd1 {[%emt 0:00:00]} 52. b5 {[%emt 0:01:38]} Rb1 {[%emt 0:03:29]} 53. Rc6 {[%emt 0:02:15]} Ke5 {[%emt 0:00:44]} 54. b6 {[%emt 0:01:24]} Bd3 {[%emt 0:01:09]} 55. b7 {[%emt 0:01:52]} Rxb7 {[%emt 0:00:30]} 56. Nc1 {[%emt 0:00:00]} Bf5 {[%emt 0:00:20]} 57. Ke3 {[%emt 0:00:49]} Rh7 {[%emt 0:00:39]} 58. Ra6 {[%emt 0:03:29]} Rh3+ {[%emt 0:00:18]} 0-1

[Event "TUR-chT Superleague 2018"]
[Site "Ankara"]
[Date "2018.07.26"]
[Round "2"]
[White "Tuncer, Tuna"]
[Black "Caglar, Ahmet Ata"]
[Result "1-0"]
[WhiteElo "2328"]
[BlackElo "2097"]
[Annotator "NA"]
[PlyCount "115"]
[EventDate "2018.07.25"]
[EventType "team-tourn"]
[EventCountry "TUR"]
[SourceTitle "playchess.com"]
[Source "ChessBase"]
[SourceQuality "1"]
[TimeControl "40/5400+30:1800+30"]

1. Nf3 Nf6 2. g3 g6 3. b3 Bg7 4. Bb2 O-O 5. Bg2 d6 6. d4 a5 7. c4 a4 8. O-O c5 9. Nbd2 cxd4 10. Nxd4 Qb6 11. Bc3 a3 12. Rc1 Bd7 13. h3 Rc8 14. e4 Nc6 15. Nc2 h5 16. Qe1 h4 17. g4 Ne8 18. Bxg7 Nxg7 19. Nf3 Ne5 20. Qd2 Nxf3+ 21. Bxf3 Ne6 22. Ne3 Qd4 23. Rfd1 Qxd2 24. Rxd2 Bc6 25. Bg2 Nf4 26. f3 Kf8 27. Bf1 Bd7 28. Nd5 Nxd5 29. exd5 b5 30. Rdc2 bxc4 31. Rxc4 Rxc4 32. Bxc4 Rc8 33. Kf2 e6 34. Rd1 Ke7 35. Ke3 Rc5 36. Rd2 Bc8 37. dxe6 fxe6 38. Bd3 g5 39. Rc2 Rxc2 40. Bxc2 e5 41. Bf5 Bb7 42. Be4 d5 43. Bd3 Kd6 44. Be2 Kc5 45. Bd1 Kb4 46. Kd2 Ba6 47. Be2 Bxe2 48. Kxe2 Kc3 49. Kd1 Kb2 50. b4 Kxa2 51. Kc2 d4 52. b5 d3+ 53. Kxd3 Kb1 54. b6 a2 55. b7 a1=Q 56. b8=Q+ Kc1 57. Qc8+ Kb2 58. Qc3+ 1-0

[Event "TUR-chT Superleague 2018"]
[Site "Ankara"]
[Date "2018.07.26"]
[Round "2"]
[White "Yildiz Kadioglu, Betul Cemre"]
[Black "Unuk, Laura"]
[Result "1/2-1/2"]
[WhiteElo "2323"]
[BlackElo "2355"]
[Annotator "NA"]
[PlyCount "91"]
[EventDate "2018.07.25"]
[EventType "team-tourn"]
[EventCountry "TUR"]
[SourceTitle "playchess.com"]
[Source "ChessBase"]
[SourceQuality "1"]
[TimeControl "40/5400+30:1800+30"]

1. d4 {[%emt 0:00:30]} Nf6 {[%emt 0:01:00]} 2. c4 {[%emt 0:00:30]} e6 {[%emt 0:00:30]} 3. Nc3 {[%emt 0:00:00]} Bb4 {[%emt 0:02:30]} 4. e3 {[%emt 0:01:00]} O-O {[%emt 0:00:30]} 5. Bd3 {[%emt 0:00:00]} d5 {[%emt 0:01:30]} 6. Nf3 {[%emt 0:00:00]} c5 {[%emt 0:11:30]} 7. O-O {[%emt 0:00:30]} dxc4 {[%emt 0:00:30]} 8. Bxc4 {[%emt 0:00:30]} a6 {[%emt 0:00:30]} 9. a3 {[%emt 0:06:30]} Bxc3 {[%emt 0:02:30]} 10. bxc3 {[%emt 0:00:30]} b5 {[%emt 0:00:30]} 11. Be2 {[%emt 0:09:30]} Bb7 {[%emt 0:00:30]} 12. a4 {[%emt 0:07:30]} Ne4 {[%emt 0:16:30]} 13. Bd2 {[%emt 0:16:30]} c4 {[%emt 0:12:30]} 14. axb5 {[%emt 0:07:30]} axb5 {[%emt 0:00:30]} 15. Rxa8 {[%emt 0:00:30]} Bxa8 {[%emt 0:00:00]} 16. Qa1 {[%emt 0:00:30]} Qd5 {[%emt 0:05:00]} 17. Bc1 {[%emt 0:00:30]} Nd7 {[%emt 0:09:30]} 18. Ne1 {[%emt 0:03:30]} f5 {[%emt 0:01:30]} 19. f3 {[%emt 0:01:30]} Nef6 {[%emt 0:00:30]} 20. Nc2 {[%emt 0:01:30]} e5 {[%emt 0:08:30]} 21. Nb4 {[%emt 0:05:30]} Qe6 {[%emt 0:00:30]} 22. Qa5 {[%emt 0:06:30]} exd4 {[%emt 0:01:30]} 23. cxd4 {[%emt 0:01:30]} Rb8 {[%emt 0:00:30]} 24. Bd2 {[%emt 0:10:04]} Nd5 {[%emt 0:10:48]} 25. Na6 {[%emt 0:03:42]} Rc8 {[%emt 0:00:27]} 26. Qxb5 {[%emt 0:02:07]} c3 {[%emt 0:01:41]} 27. Bc1 {[%emt 0:00:22]} Nxe3 {[%emt 0:00:24]} 28. Re1 {[%emt 0:06:36]} f4 {[%emt 0:02:13]} 29. Nc5 {[%emt 0:04:17]} Nxc5 {[%emt 0:01:56]} 30. dxc5 {[%emt 0:00:02]} Bd5 {[%emt 0:00:45]} 31. Bd3 {[%emt 0:01:43]} Qe7 {[%emt 0:03:11]} 32. Bxe3 {[%emt 0:03:18]} fxe3 {[%emt 0:00:03]} 33. Bc2 {[%emt 0:00:24]} g6 {[%emt 0:04:41]} 34. Qd3 {[%emt 0:00:53]} Qxc5 {[%emt 0:01:18]} 35. Qxe3 {[%emt 0:00:07]} Kf7 {[%emt 0:00:14]} 36. Qxc5 {[%emt 0:01:39]} Rxc5 {[%emt 0:00:30]} 37. Re3 {[%emt 0:00:00]} Kf6 {[%emt 0:00:45]} 38. Kf2 {[%emt 0:00:19]} Be6 {[%emt 0:00:40]} 39. g4 {[%emt 0:00:33]} h5 {[%emt 0:00:39]} 40. h3 {[%emt 0:00:00]} hxg4 {[%emt 0:01:15]} 41. hxg4 {[%emt 0:08:54]} Rc6 {[%emt 0:00:30]} 42. Kg3 {[%emt 0:01:30]} g5 {[%emt 0:04:30]} 43. f4 {[%emt 0:02:30]} gxf4+ {[%emt 0:00:30]} 44. Kxf4 {[%emt 0:00:00]} Rc4+ {[%emt 0:00:30]} 45. Re4 {[%emt 0:01:00]} Rxe4+ {[%emt 0:00:30]} 46. Kxe4 {[%emt 0:00:00]} 1/2-1/2